| 000 | 00346nam a2200145Ia 4500 | ||
|---|---|---|---|
| 008 | 200103s9999||||xx |||||||||||||| ||und|| | ||
| 040 | _aIMU-MPC | ||
| 082 | _aColumn-33 | ||
| 100 | _aChristie, DanEdwin | ||
| 245 | 0 | _aVector Mechanics | |
| 250 | _a2nd ed. | ||
| 260 |
_bMcGraw-Hill Book Company, Inc. _c1964 |
||
| 300 | _axiii, 622 | ||
| 942 | _cBK | ||
| 999 |
_c7740 _d7740 |
||